[Event "City of Belfast"]
[Site "Belfast"]
[Date "2022.06.17"]
[Round "1.01"]
[White "Modestas Razbadauskas"]
[Black "Ethan Cole"]
[Result "1-0"]
[WhiteElo "1921"]
[BlackElo "1318"]
[EventDate "2022.06.17"]

1.d4 Nf6 2.c4 g6 3.Nc3 Bg7 4.e4 d6 5.Bd3 O-O 6.Nge2 Nc6 7.a3 a5 8.O-O e5 
9.d5 Ne7 10.Ng3 Kh8 11.h3 Bd7 12.Be3 Qc8 13.Kh2 Nfg8 14.Qd2 f5 15.exf5 
gxf5 16.Bg5 f4 17.Nh5 Bh6 18.Bxh6 Nxh6 19.Ne4 Neg8 20.f3 Bf5 21.Qc3 Bxe4 
22.Bxe4 Qe8 23.g4 Qe7 24.Rae1 Qh4 25.Rg1 Ne7 26.Rg2 Rf7 27.Reg1 Ng6 28.Qd3
Rg8 29.b4 axb4 30.axb4 Qg5 31.c5 Nh4 32.Rc2 Ng6 33.b5 Qh4 34.cxd6 cxd6 35.
b6 Qg5 36.Rgc1 Qd8 37.Rc7 Qh4 38.Qe2 Rgf8 39.Rxf7 Rxf7 40.Qc2 Ne7 41.Rf1 
Neg8 42.Qc8 Qe7 43.Rc1 Qh4 44.Kg2 Qg5 45.Rc7 Rxc7 46.bxc7 Qh4 47.Qd7 1-0

[Event "City of Belfast"]
[Site "Belfast"]
[Date "2022.06.17"]
[Round "1.02"]
[White "Pat McKillen"]
[Black "James McDonnell"]
[Result "0-1"]
[WhiteElo "1277"]
[BlackElo "1752"]
[EventDate "2022.06.17"]

1.e4 c5 2.Nc3 Nc6 3.f4 g6 4.Nf3 Bg7 5.Bb5 Nd4 6.O-O a6 7.Bc4 e6 8.d3 Ne7 
9.Nxd4 cxd4 10.Ne2 b5 11.Bb3 O-O 12.Bd2 d6 13.Ng3 Nc6 14.a3 Kh8 15.Qe2 Bd7
16.Be1 Qe7 17.h4 Rae8 18.h5 f5 19.hxg6 hxg6 20.Bd2 Bf6 21.Rf3 Rf7 22.Re1 
Rh7 23.exf5 exf5 24.Qd1 Qf8 25.Rxe8 Qxe8 26.Qe2 Re7 27.Qd1 Be6 28.Bxe6 
Rxe6 29.Nf1 Bg7 30.g3 Ne7 31.Nh2 Nd5 32.Rf1 Ne3 33.Bxe3 dxe3 34.Qe2 Bxb2 
35.Nf3 Bf6 36.Kg2 Re7 37.Re1 d5 38.Ng1 Qc6 39.Qf3 Qxc2+ 40.Ne2 Qxd3 41.Rc1
Qe4 42.Rc6 Kg7 43.Rxa6 d4 44.Rd6 d3 45.Qxe4 fxe4 46.Nc1 e2 47.Nxe2 dxe2 
48.Kf2 Ra7 49.Kxe2 Rxa3 50.g4 Kf7 51.Rb6 Rb3 52.f5 gxf5 53.gxf5 b4 54.Re6 
e3 55.Re4 Bg5 56.Re6 Rb2+ 57.Kd3 Rb3+ 58.Ke2 Rc3 59.Rg6 Bf6 60.Rg4 b3 61.
Rb4 Kg7 62.Rg4+ Kf7 63.Rb4 Bg5 64.Rb7+ Kf6 65.Rb5 Rc2+ 66.Kd1 e2+ 0-1

[Event "City of Belfast"]
[Site "Belfast"]
[Date "2022.06.17"]
[Round "1.03"]
[White "Danny Mallaghan"]
[Black "Kyle Milligan"]
[Result "1-0"]
[WhiteElo "1694"]
[BlackElo "1260"]
[EventDate "2022.06.17"]

1.e4 c5 2.Nc3 e6 3.f4 d5 4.Nf3 dxe4 5.Nxe4 Nf6 6.Nxf6+ Qxf6 7.Bc4 Bd6 8.
O-O Bxf4 9.d4 Bxc1 10.Rxc1 O-O 11.Ne5 Qh4 12.c3 Nd7 13.Nd3 b6 14.Rf4 Qe7 
15.Qf3 Rb8 16.Ne5 Nxe5 17.dxe5 Qg5 18.Rf1 Bb7 19.Qf2 Qg6 20.Bb3 Be4 21.Re1
Bf5 22.Re3 Rbd8 23.Rg3 Qh6 24.h3 b5 25.Rgf3 c4 26.Bc2 Bxc2 27.Qxc2 Rd5 28.
Qf2 Rd7 29.Qc5 Rd5 30.Rxf7 1-0

[Event "City of Belfast"]
[Site "Belfast"]
[Date "2022.06.17"]
[Round "1.04"]
[White "Adrian Dornford Smith"]
[Black "Conor Spackman"]
[Result "1/2-1/2"]
[WhiteElo "1257"]
[BlackElo "1681"]
[EventDate "2022.06.17"]

1.e4 c5 2.Bc4 Nc6 3.Nf3 e6 4.O-O d6 5.c3 Nf6 6.d3 Be7 7.Be3 O-O 8.Nbd2 a6 
9.Bb3 b5 10.a3 Bb7 11.Bc2 Qc7 12.Re1 Rfd8 13.Rc1 d5 14.exd5 Nxd5 15.Qe2 
Nxe3 16.Qxe3 b4 17.a4 a5 18.Ng5 Bf6 19.Nge4 Qe7 20.Nxf6+ gxf6 21.Ne4 Ne5 
22.Qxc5 Qxc5 23.Nxc5 Bc6 24.d4 Ng6 25.Be4 Ne7 26.Bxc6 Nxc6 27.Ne4 f5 28.
Nc5 Rab8 29.Re3 bxc3 30.bxc3 Ne7 31.Nd3 Nd5 32.Rg3+ Kf8 33.Kf1 Nf6 34.Nc5 
Rb2 35.h3 Rdb8 36.Re3 Nd5 37.Nd7+ Ke7 38.Nxb8 Nxe3+ 39.fxe3 Rxb8 40.Rc2 
Rb1+ 41.Ke2 Ra1 42.c4 Rxa4 43.c5 Kd7 44.Kd3 Rb4 45.Ra2 Rb5 46.Kc3 Kc6 47.
Rb2 f6 48.Rxb5 Kxb5 49.g3 h6 50.Kb3 e5 51.Kc3 h5 52.Kb3 h4 53.gxh4 f4 54.
exf4 exf4 55.h5 f3 56.h6 f2 57.h7 f1=Q 58.h8=Q Qc4+ 59.Ka3 1/2-1/2

[Event "City of Belfast"]
[Site "Belfast"]
[Date "2022.06.17"]
[Round "1.05"]
[White "Des Moreland"]
[Black "Joseph Gunning"]
[Result "1-0"]
[WhiteElo "1600"]
[BlackElo "1202"]
[EventDate "2022.06.17"]

1.d4 d5 2.Nf3 Nf6 3.Bf4 e6 4.e3 Bd6 5.Bg3 Bxg3 6.hxg3 Nc6 7.c4 Ne4 8.Nc3 
Nxc3 9.bxc3 Bd7 10.cxd5 exd5 11.Qb3 Bc8 12.Bd3 h6 13.Rh5 Ne7 14.c4 dxc4 
15.Bxc4 O-O 16.Ne5 Qe8 17.Rc1 Nc6 18.Ng6 Nxd4 19.Qc3 Ne6 20.Nxf8 Nxf8 21.
Re5 Be6 22.Bb3 c6 23.Rd1 Rd8 24.Rxd8 Qxd8 25.Qd2 Qf6 26.Qd4 Bxb3 27.axb3 
Qg6 28.e4 Qf6 29.f4 Qg6 30.Qd3 f6 31.Re7 Qh5 32.Qc4+ Kh7 33.b4 Ng6 34.Rxb7
Nh8 35.Qxc6 Qh1+ 36.Kf2 Qd1 37.Rd7 Qb3 38.b5 Qa4 39.Kg1 Ng6 40.Qb7 Ne7 41.
Qxa7 Qxb5 42.Rxe7 Kg6 43.Rxg7+ Kh5 44.Qf7# 1-0

[Site "Belfast"]
[Date "2022.06.17"]
[Round "1.06"]
[White "Amol Thoke"]
[Black "Adam Rushe"]
[Result "0-1"]
[WhiteElo "1143"]
[BlackElo "1593"]
[EventDate "2022.06.17"]

1.d4 Nf6 2.Nf3 e6 3.c4 d5 4.Nc3 Bb4 5.Qa4+ Nc6 6.Bd2 Bxc3 7.Bxc3 Bd7 8.Qc2
Qe7 9.a3 O-O 10.e3 h6 11.Ne5 Nxe5 12.dxe5 Ne4 13.Bd3 Nxc3 14.Qxc3 dxc4 15.
Bxc4 Bc6 16.O-O Qg5 17.f3 Rad8 18.Rf2 Rd7 19.f4 Qf5 20.Be2 Rfd8 21.Bf3 
Bxf3 22.Rxf3 Qd3 23.Qe1 Qd2 24.Rf2 Qxe1+ 25.Rxe1 Rd1 26.Kf1 Rxe1+ 27.Kxe1 Rd3 28.Rc2 c6 29.Ke2 Rb3 30.Kf3 Kh7 31.Ke4 h5 
    32.h3 h4 33.Kf3 Kg6 34.Re2 Kf5 35.g4+ hxg3 36.Kxg3 Ke4 37.Kf2 Kd3 38.
    e4 Kd4 39.h4 Rh3 40.a4 Rh2+ 41.Kf3 Rxe2 42.Kxe2 Kxe4 43.Kf2 Kxf4 44.h5
    Kxe5 45.Kg3 Kf5 46.Kh4 e5 0-1

[Event "City of Belfast"]
[Site "Belfast"]
[Date "2022.06.17"]
[Round "1.07"]
[White "Richard Morrow"]
[Black "John Monaghan"]
[Result "0-1"]
[WhiteElo "1570"]
[BlackElo "1134"]
[EventDate "2022.06.17"]

1.d4 d5 2.c4 e6 3.g3 c5 4.Nf3 Nc6 5.cxd5 exd5 6.Bg2 Nf6 7.O-O Be7 8.dxc5 
Bxc5 9.Nbd2 Qb6 10.e3 Bg4 11.Nb3 Bd6 12.Nbd4 Ne5 13.Qa4+ Nc6 14.b3 O-O 15.
Nxc6 bxc6 16.Ba3 c5 17.Nd2 Bd7 18.Qh4 Qa5 19.Bc1 Be5 20.Rb1 Qxa2 21.e4 Bb5
22.Re1 Bd3 23.exd5 Bd4 24.d6 Bxb1 25.Bxa8 Rxa8 26.Nxb1 Qxf2+ 0-1

[Event "City of Belfast"]
[Site "Belfast"]
[Date "2022.06.17"]
[Round "1.08"]
[White "Sooraj Soman"]
[Black "Bobby Thompson"]
[Result "0-1"]
[WhiteElo "1105"]
[BlackElo "1547"]
[EventDate "2022.06.17"]

1.e4 e5 2.Nc3 Nf6 3.Bc4 Nc6 4.d3 Bc5 5.Nf3 d6 6.h3 Be6 7.Bb3 Qd7 8.Be3 h6 
9.Nd5 Bxe3 10.fxe3 Bxd5 11.exd5 Ne7 12.e4 O-O 13.Nh2 a5 14.a4 c6 15.dxc6 
bxc6 16.O-O Ng6 17.Ng4 Nxg4 18.Qxg4 Qxg4 19.hxg4 c5 20.g3 Rab8 21.Rf2 Rb4 
22.Raf1 Ne7 23.Rxf7 Rxf7 24.Bxf7+ Kh8 25.b3 Ng8 26.Kg2 Nf6 27.g5 Ng4 28.
Kh3 Ne3 29.Rf3 Nxc2 30.g6 Rxb3 31.Bxb3 Nd4 32.Rf8# 0-1

[Event "City of Belfast"]
[Site "Belfast"]
[Date "2022.06.17"]
[Round "1.09"]
[White "Chris Armstrong"]
[Black "Ashish Shambharkar"]
[Result "1-0"]
[WhiteElo "1509"]
[BlackElo "1100"]
[EventDate "2022.06.17"]

1.d4 c6 2.c4 g6 3.Nc3 Bg7 4.e4 d6 5.Be3 Nf6 6.f3 O-O 7.Qd2 Be6 8.d5 cxd5 
9.cxd5 Bd7 10.Bh6 Bxh6 11.Qxh6 Qb6 12.Qd2 e6 13.dxe6 Bxe6 14.O-O-O Nbd7 
15.Qxd6 Qe3+ 16.Qd2 Qb6 17.Nge2 Rac8 18.Kb1 Ne5 19.Qd4 Qa5 20.Qa4 Qb6 21.
Qb5 Nc4 22.Qxb6 Nxb6 23.Nd4 Bc4 24.Bxc4 Nxc4 25.Rhe1 a6 26.Nb3 Nh5 27.Nd5 
Kh8 28.g4 Ng7 29.Nf6 Ne5 30.Nd4 Rfd8 31.Nd5 Ne6 32.Nxe6 fxe6 33.Nf4 Rxd1+ 
34.Rxd1 Nxf3 35.Nxe6 h6 36.h3 Kh7 37.Rd7+ Kg8 38.Rd8+ Rxd8 39.Nxd8 b5 40.
Ne6 Kf7 41.Nc7 Ng5 42.Nxa6 Nxe4 43.Nc7 Nf2 44.Nxb5 Nxh3 45.a4 Nf2 46.a5 
Nxg4 1-0

[Event "City of Belfast"]
[Site "Belfast"]
[Date "2022.06.18"]
[Round "1.10"]
[White "Matthew Moreland"]
[Black "Nikiolai Dimitrov"]
[Result "1-0"]
[WhiteElo "1100"]
[BlackElo "1463"]
[EventDate "2022.06.18"]

1.d4 d5 2.c4 Nf6 3.Nc3 Bf5 4.Nf3 e6 5.a3 h6 6.e3 c6 7.Bd3 Ne4 8.O-O Bd6 9.
Bd2 Qc7 10.h3 g5 11.cxd5 Nxc3 12.Bxc3 Bxd3 13.Qxd3 exd5 14.Rfe1 Nd7 15.e4 
O-O 16.e5 Be7 17.Bb4 Rae8 18.e6 fxe6 19.Rxe6 Nf6 20.Re2 a5 21.Bc5 Kh8 22.
b4 a4 23.Qc2 b5 24.Ne5 Bxc5 25.bxc5 Nh7 26.Rae1 Re6 1-0

[Event "City of Belfast"]
[Site "Belfast"]
[Date "2022.06.18"]
[Round "2.01"]
[White "Adam Rushe"]
[Black "Modestas Razbadauskas"]
[Result "1-0"]
[WhiteElo "1593"]
[BlackElo "1921"]
[EventDate "2022.06.18"]

1.e4 c5 2.d4 cxd4 3.c3 e6 4.cxd4 b6 5.Nc3 Bb4 6.Qg4 g6 7.Bg5 f6 8.Bf4 Ne7 
9.Qg3 d6 10.Bb5+ Bd7 11.Be2 e5 12.dxe5 dxe5 13.Bh6 Kf7 14.Bc4+ Be6 15.
Bxe6+ Kxe6 16.Rd1 Qc7 17.Ne2 Nbc6 18.O-O Rad8 19.Nd5 Nxd5 20.exd5+ Rxd5 
21.Rxd5 Kxd5 22.Qb3+ Kd6 23.Rd1+ Ke7 24.a3 Ba5 25.Qc2 Rc8 26.b4 Bxb4 27.
axb4 Nxb4 28.Qxc7+ Rxc7 29.Bc1 Ke6 30.f4 Rc2 31.Kf2 Nd5 32.fxe5 Nc3 33.
Rd6+ Kxe5 34.Bf4+ Kf5 35.Kf3 g5 36.Nd4+ Kg6 37.Nxc2 gxf4 38.Kxf4 a5 39.g4 
b5 40.g5 b4 41.Rxf6+ Kg7 42.Ra6 b3 43.Na3 a4 44.Kf5 b2 45.Ra7+ Kf8 46.h4 
Nb5 47.Ra8+ Ke7 48.Rb8 Nxa3 49.Rxb2 Nc4 50.Rb4 Nd6+ 51.Kg4 a3 52.Ra4 Nb5 
53.Ra5 Nd6 54.Rxa3 Ke6 55.Kh5 Nf5 56.Ra6+ Ke7 57.Ra7+ Kf8 58.Rxh7 Kg8 59.
Ra7 Ng7+ 60.Rxg7+ 1-0

[Event "City of Belfast"]
[Site "Belfast"]
[Date "2022.06.18"]
[Round "2.02"]
[White "James McDonnell"]
[Black "James Douglas"]
[Result "1-0"]
[WhiteElo "1752"]
[BlackElo "1400"]
[EventDate "2022.06.18"]

1.e4 e5 2.Nf3 Nc6 3.Bb5 a6 4.Ba4 d6 5.c3 b5 6.Bc2 Nf6 7.O-O Be7 8.Re1 O-O 
9.h3 Bb7 10.a3 Qd7 11.d4 h6 12.Nbd2 Rfe8 13.Nf1 Bf8 14.Ng3 exd4 15.cxd4 
Ne7 16.b4 Ng6 17.Qd3 c5 18.dxc5 dxc5 19.bxc5 Qxd3 20.Bxd3 Bxc5 21.Bb2 Nf4 
22.Bc2 N4h5 23.Nxh5 Nxh5 24.Kf1 Rad8 25.Rac1 Kh8 26.Bb3 Nf4 27.Rxc5 Nd3 
28.Rc7 Nxe1 29.Nxe1 Bxe4 30.Rxf7 Rg8 31.Re7 1-0

[Event "City of Belfast"]
[Site "Belfast"]
[Date "2022.06.18"]
[Round "2.03"]
[White "Bobby Thompson"]
[Black "Danny Mallaghan"]
[Result "1-0"]
[WhiteElo "1547"]
[BlackElo "1694"]
[EventDate "2022.06.18"]

1.d4 g6 2.c4 Bg7 3.Nc3 Nf6 4.e4 d6 5.f4 O-O 6.Nf3 b6 7.Bd3 Bb7 8.O-O Nbd7 
9.Qc2 Rc8 10.Be3 a6 11.Rae1 c6 12.Qe2 c5 13.d5 Ng4 14.Bd2 e6 15.h3 Ngf6 
16.e5 dxe5 17.fxe5 Nh5 18.Qf2 Bh8 19.g4 Ng7 20.Ne4 exd5 21.Nd6 Rc7 22.Nxb7
Rxb7 23.cxd5 b5 24.Qg3 c4 25.Be4 Nc5 26.Qf4 Rd7 27.Bb4 Nxe4 28.Bxf8 Qxf8 
29.Qxe4 Qc5+ 30.Qd4 Qxd4+ 31.Nxd4 Rxd5 32.Nc6 Rd3 33.Kg2 Ne6 34.Rd1 Nf4+ 
35.Kf2 Nxh3+ 36.Ke2 Rg3 37.Rd8+ Kg7 38.Ne7 Ng5 1-0

[Event "City of Belfast"]
[Site "Belfast"]
[Date "2022.06.18"]
[Round "2.04"]
[White "John Monaghan"]
[Black "Des Moreland"]
[Result "1/2-1/2"]
[WhiteElo "1134"]
[BlackElo "1600"]
[EventDate "2022.06.18"]

1.d4 Nf6 2.Bf4 e6 3.Nf3 d5 4.e3 Be7 5.Nbd2 O-O 6.c3 Nbd7 7.Bd3 c5 8.Ne5 a6
9.g4 Nxe5 10.dxe5 Ne8 11.Nf3 b5 12.h4 Bb7 13.Bxh7+ Kxh7 14.Qd3+ Kg8 15.Ng5
f5 16.Nxe6 Qb6 17.Nxf8 Bxf8 18.gxf5 c4 19.Qe2 d4 20.Rg1 d3 21.Qh5 b4 22.e6
d2+ 23.Kd1 Nf6 24.Qf7+ Kh8 25.e7 Bf3+ 26.Kxd2 bxc3+ 27.Kxc3 Qa5+ 28.Kc2 
Qa4+ 29.Kc3 Ne4+ 30.Kd4 c3+ 31.Qc4 Qd7+ 32.Qd5 Qa4+ 33.Qc4 1/2-1/2

[Event "City of Belfast"]
[Site "Belfast"]
[Date "2022.06.18"]
[Round "2.05"]
[White "Dean Gorman"]
[Black "Matthew Moreland"]
[Result "1-0"]
[WhiteElo "1768"]
[BlackElo "1100"]
[EventDate "2022.06.18"]

1.e4 c6 2.d4 d5 3.exd5 cxd5 4.Bd3 Nc6 5.c3 Nf6 6.h3 e5 7.dxe5 Nxe5 8.Bb5+ 
Bd7 9.Bxd7+ Qxd7 10.Be3 Nc6 11.Nf3 g6 12.Nd4 Bg7 13.Nd2 O-O 14.O-O Rfe8 
15.N2f3 b6 16.Qd3 Ne5 17.Nxe5 Rxe5 18.f4 Re7 19.f5 Ne4 20.fxg6 hxg6 21.
Rad1 Rae8 22.Rf3 f5 23.Nc2 Rd8 24.Bd4 Nc5 25.Qd2 Kh7 26.Bxg7 Kxg7 27.Qd4+ 
Kh7 28.Nb4 Ne6 29.Qh4+ Kg7 30.Rxd5 Qc7 31.Rxd8 Qxd8 32.Nc6 Qd1+ 33.Rf1 g5 
34.Rxd1 gxh4 35.Nxe7 f4 36.Nf5+ Kf6 37.Nxh4 1-0

[Event "City of Belfast"]
[Site "Belfast"]
[Date "2022.06.18"]
[Round "2.06"]
[White "Conor Spackman"]
[Black "Robert Lavery"]
[Result "1-0"]
[WhiteElo "1681"]
[BlackElo "1485"]
[EventDate "2022.06.18"]

1.e4 e5 2.Nf3 Nc6 3.Bb5 a6 4.Ba4 Nf6 5.O-O Be7 6.Re1 b5 7.Bb3 d6 8.c3 O-O 
9.h3 Nb8 10.d4 Nbd7 11.Nbd2 Bb7 12.Bc2 c5 13.d5 Re8 14.Nf1 Bf8 15.Ng3 g6 
16.Be3 Bg7 17.Qd2 Nb6 18.b3 c4 19.b4 Qc7 20.Bh6 a5 21.Bxg7 Kxg7 22.Qg5 Ng8
23.a3 a4 24.Nh2 Qd8 25.Qe3 Nd7 26.Rf1 h6 27.f4 exf4 28.Qxf4 Qf6 29.Qxf6+ 
Ngxf6 30.Rf2 Re7 31.Raf1 Nh7 32.Nf3 Rf8 33.Nd4 Ba6 34.Nge2 Ne5 35.Nc6 Nxc6
36.dxc6 Rc8 37.Nd4 Ng5 38.Rf6 Ne6 39.Nxe6+ fxe6 40.e5 dxe5 41.Rxg6+ Kh8 
42.Be4 Rce8 43.Rf3 Rg7 44.Rxh6+ Kg8 45.Rff6 Bc8 46.Kf2 Rd8 47.Ke2 Rg3 48.
Rfg6+ Rxg6 49.Rxg6+ Kf7 50.Rh6 Rg8 51.g4 Rf8 52.g5 Ke7 53.Rh7+ Kd6 54.g6 
Rf4 55.Ke3 Rf8 56.g7 Rg8 57.h4 Ke7 58.h5 Kf7 59.h6 Kf6 60.Rh8 Kf7 61.Bg6+ 
1-0

[Event "City of Belfast"]
[Site "Belfast"]
[Date "2022.06.18"]
[Round "2.08"]
[White "Joseph Gunning"]
[Black "Richard Morrow"]
[Result "1-0"]
[WhiteElo "1202"]
[BlackElo "1570"]
[EventDate "2022.06.18"]

1.c4 c6 2.d4 d5 3.e3 Nf6 4.Nc3 a6 5.Bd3 dxc4 6.Bxc4 b5 7.Bd3 Bb7 8.Nf3 e6 
9.a3 c5 10.Qc2 Be7 11.Ne4 Nxe4 12.Bxe4 Bxe4 13.Qxe4 Nd7 14.O-O O-O 15.Rd1 
Nf6 16.Qc2 Qb6 17.dxc5 Bxc5 18.b4 Be7 19.Bb2 Rac8 20.Qe2 Qb7 21.Rac1 h6 
22.Ne5 Rxc1 23.Rxc1 Rc8 24.Rxc8+ Qxc8 25.h3 Nd5 26.Qh5 Qe8 27.Ng4 Kh7 28.
Qe5 Bf6 29.Nxf6+ Nxf6 30.Qd6 Qc8 31.Qe7 Qd7 32.Bxf6 Qd1+ 33.Kh2 gxf6 34.
Qxf7+ Kh8 35.Qxf6+ Kh7 36.Qxe6 Qa4 37.Qe4+ Kg7 38.Qd3 a5 39.Qc3+ Kh7 40.
bxa5 Qe4 41.Qc7+ Kg6 42.a6 Qa4 1-0

[Event "City of Belfast"]
[Site "Belfast"]
[Date "2022.06.18"]
[Round "2.09"]
[White "Ethan Cole"]
[Black "Amol Thoke"]
[Result "1-0"]
[WhiteElo "1318"]
[BlackElo "1143"]
[EventDate "2022.06.18"]

1.e4 e6 2.d4 d5 3.e5 c5 4.c3 Nc6 5.Nf3 Qb6 6.Bd3 Bd7 7.Bc2 Nge7 8.h4 cxd4 
9.cxd4 Nf5 10.Bxf5 exf5 11.Nc3 Be6 12.Ng5 Qxd4 13.Qxd4 Nxd4 14.O-O Bb4 15.
Be3 Bxc3 16.bxc3 Ne2+ 17.Kh2 Nxc3 18.f3 h6 19.Nxe6 fxe6 20.Rfc1 Nb5 21.
Rab1 a6 22.a4 d4 23.Bd2 Nc7 24.Rxc7 O-O 25.Rbxb7 Rfb8 26.Rxg7+ Kh8 27.Rh7+
Kg8 28.Rbg7+ Kf8 29.Bxh6 1-0

[Event "City of Belfast"]
[Site "Belfast"]
[Date "2022.06.18"]
[Round "2.10"]
[White "Ashish Shambharkar"]
[Black "Pat McKillen"]
[Result "0-1"]
[WhiteElo "1100"]
[BlackElo "1277"]
[EventDate "2022.06.18"]

1.e4 c5 2.Nf3 g6 3.Bc4 Nc6 4.Bxf7+ Kxf7 5.Ng5+ Kg7 6.Qf3 Nf6 7.b3 e5 8.Bb2
d6 9.h3 h6 10.h4 hxg5 11.Nc3 Nd4 12.Qd3 Rxh4 13.Rxh4 gxh4 14.O-O-O Be6 15.
Rh1 Nh5 16.g3 h3 17.Nd5 Bxd5 18.exd5 Qf6 19.Bxd4 cxd4 20.Qb5 Re8 21.Qd7+ 
Re7 22.Qxh3 Kf7 23.g4 Nf4 24.Qf3 e4 25.Qd1 e3 26.fxe3 dxe3 27.dxe3 Qa1+ 
28.Kd2 Qxd1+ 29.Rxd1 Nxd5 30.Rf1+ Kg7 31.Re1 Kg8 32.e4 Bh6+ 33.Kd3 Bf4 34.
Re2 Nb4+ 35.Kc4 Nxa2 36.c3 Rc7+ 37.Kd4 Be5+ 38.Ke3 Rxc3+ 39.Kf2 Nb4 40.Kf1
Rxb3 41.Rd2 0-1

[Event "City of Belfast"]
[Site "Belfast"]
[Date "2022.06.18"]
[Round "2.11"]
[White "Kyle Milligan"]
[Black "Aadhi Sooraj"]
[Result "1-0"]
[WhiteElo "1260"]
[BlackElo "1000"]
[EventDate "2022.06.18"]

1.e4 c5 2.d4 cxd4 3.c3 dxc3 4.Nxc3 Nc6 5.Nf3 e5 6.Bc4 Bc5 7.Bxf7+ Kxf7 8.
Qd5+ Ke8 9.Qxc5 d6 10.Qc4 Nge7 11.O-O a6 12.Ng5 Rf8 13.Nxh7 b5 14.Qe2 Nd4 
15.Qh5+ g6 16.Qh6 Rf7 17.Bg5 Ng8 18.Qxg6 Ne7 19.Nf6+ Kf8 20.Bh6+ Rg7 21.
Qxg7# 1-0

[Event "City of Belfast"]
[Site "Belfast"]
[Date "2022.06.18"]
[Round "3.01"]
[White "Adam Rushe"]
[Black "James McDonnell"]
[Result "0-1"]
[WhiteElo "1593"]
[BlackElo "1752"]
[EventDate "2022.06.18"]

1.d4 d5 2.c4 c6 3.Nf3 Nf6 4.Nc3 e6 5.g3 Nbd7 6.Bg2 dxc4 7.a4 a5 8.e4 Bb4 
9.Nd2 Nb6 10.e5 Nfd5 11.Nde4 O-O 12.Qg4 f5 13.exf6 Nxf6 14.Nxf6+ Qxf6 15.
O-O e5 16.dxe5 Qxe5 17.Bf4 Qd4 18.Qh5 Nd7 19.Rad1 Qc5 20.Qe2 Qf5 21.Qxc4+ 
Kh8 22.Ne4 Nb6 23.Qc1 Nxa4 24.Bd6 Bxd6 25.Nxd6 Qf6 26.Qc4 Nxb2 27.Qb3 Nxd1
28.Qxd1 a4 29.Ne4 Qb2 30.Qh5 Bf5 0-1

[Event "City of Belfast"]
[Site "Belfast"]
[Date "2022.06.18"]
[Round "3.02"]
[White "Conor Spackman"]
[Black "Bobby Thompson"]
[Result "1-0"]
[WhiteElo "1681"]
[BlackElo "1547"]
[EventDate "2022.06.18"]

1.e4 e6 2.d4 d5 3.exd5 exd5 4.Nf3 Bd6 5.c4 c6 6.Nc3 Ne7 7.Bd3 dxc4 8.Bxc4 
O-O 9.O-O Bg4 10.Bg5 Qc7 11.h3 Bh5 12.Re1 h6 13.Bxe7 Bxe7 14.Rc1 Bf6 15.
Ne4 Nd7 16.Nxf6+ Nxf6 17.Qd3 Rad8 18.Ne5 Nd5 19.g4 f6 20.Ng6 Bxg6 21.Qxg6 
Qf7 22.Qf5 g6 23.Qf3 Rfe8 24.a3 Kg7 25.Kf1 Qd7 26.Rxe8 Rxe8 27.Bxd5 cxd5 
28.Rc5 Re4 29.Qc3 Kf8 30.Rc8+ Re8 31.Qc5+ Qe7 32.Rxe8+ Kxe8 33.Qxd5 g5 34.
f3 Qe3 35.Qe4+ Qxe4 36.fxe4 Ke7 37.Ke2 a5 38.Kd3 Kd6 39.b4 axb4 40.axb4 b5
41.d5 Kd7 42.Ke3 Ke7 43.Kf3 Kd7 44.Kg3 Ke7 45.h4 Kd7 46.h5 Ke7 47.Kf3 Kd6 
48.Ke3 Kd7 49.Kd4 Kd6 50.e5+ fxe5+ 51.Ke4 Kd7 52.Kxe5 Ke7 53.d6+ Kd7 54.
Kd5 Kd8 55.Kc6 Kc8 56.Kxb5 Kd7 57.Kc5 1-0

[Event "City of Belfast"]
[Site "Belfast"]
[Date "2022.06.18"]
[Round "3.03"]
[White "John Monaghan"]
[Black "Dean Gorman"]
[Result "0-1"]
[WhiteElo "1134"]
[BlackElo "1768"]
[EventDate "2022.06.18"]

1.d4 c5 2.c3 cxd4 3.cxd4 Nf6 4.Nc3 d5 5.Bf4 Bf5 6.e3 a6 7.Nf3 Nc6 8.a3 e6 
9.h3 Bd6 10.Ne5 Qc7 11.Nxf7 Kxf7 12.Bg5 Qe7 13.g4 Bg6 14.Bh4 Rhf8 15.g5 
Nd7 16.Bg2 Kg8 17.f4 Bxf4 18.exf4 Rxf4 19.Bg3 Rxd4 20.Qe2 Qxg5 21.Qxe6+ 
Bf7 22.Qxd7 Qxg3+ 23.Kf1 Rf8 24.Ne2 Be6+ 25.Kg1 Qe3+ 26.Kh2 Bxd7 27.Nxd4 
Nxd4 28.Bxd5+ Kh8 29.Raf1 Qxh3+ 30.Kg1 Qg3+ 31.Bg2 Ne2# 0-1

[Event "City of Belfast"]
[Site "Belfast"]
[Date "2022.06.18"]
[Round "3.04"]
[White "Des Moreland"]
[Black "Chris Armstrong"]
[Result "1-0"]
[WhiteElo "1600"]
[BlackElo "1509"]
[EventDate "2022.06.18"]

1.d4 Nf6 2.Bf4 e6 3.Nf3 d5 4.e3 Be7 5.h3 O-O 6.Bd3 c5 7.c3 Nc6 8.Nbd2 b6 
9.O-O Bb7 10.Re1 Rc8 11.Qa4 Nh5 12.Bh2 Bd6 13.Ne5 a5 14.Bb5 Nxe5 15.dxe5 
Bc7 16.g4 Qg5 17.f4 Qg6 18.Kf2 f5 19.Be2 fxg4 20.hxg4 Bxe5 21.gxh5 Qf5 22.
Bf3 Bc7 23.Rg1 e5 24.Rg5 Qf6 25.Rag1 Rf7 26.fxe5 Qe6 27.Bf4 Bc6 28.Qc2 Bd8
29.Bg4 Qe8 30.Rf5 Rcc7 31.Nf3 Rxf5 32.Qxf5 Bd7 33.e6 Bc8 34.Bxc7 Bxc7 35.
Qf7+ 1-0

[Event "City of Belfast"]
[Site "Belfast"]
[Date "2022.06.18"]
[Round "3.05"]
[White "Modestas Razbadauskas"]
[Black "Kyle Milligan"]
[Result "1-0"]
[WhiteElo "1921"]
[BlackElo "1260"]
[EventDate "2022.06.18"]

1.d4 Nf6 2.c4 e6 3.Nc3 Bb4 4.Bd2 O-O 5.Nf3 d5 6.e3 c5 7.a3 Bxc3 8.Bxc3 
cxd4 9.Nxd4 e5 10.Nc2 Nc6 11.Be2 Be6 12.cxd5 Bxd5 13.O-O Ne4 14.f4 Nxc3 
15.bxc3 Qa5 16.Nb4 Rfd8 17.Qc2 Qb6 18.Qc1 Nxb4 19.axb4 exf4 20.Rxf4 Re8 
21.Rd4 Qe6 22.Kf2 Qf6+ 23.Rf4 Qe5 24.Ra5 Qe6 25.Bg4 Qc6 26.Rc5 Qd6 27.c4 
Bc6 28.Qc3 Rad8 29.Be2 g6 30.h4 h6 31.h5 b6 32.hxg6 fxg6 33.Rxc6 Qxc6 34.
Bf3 Qc7 35.Qc2 Qd6 36.Bd5+ Kh8 37.Rf7 Rf8 38.Qc3+ Kg8 39.Qg7# 1-0

[Event "City of Belfast"]
[Site "Belfast"]
[Date "2022.06.18"]
[Round "3.06"]
[White "Danny Mallaghan"]
[Black "Joseph Gunning"]
[Result "1-0"]
[WhiteElo "1694"]
[BlackElo "1202"]
[EventDate "2022.06.18"]

1.e4 e5 2.Nf3 Nf6 3.Bc4 Bc5 4.O-O O-O 5.d3 d6 6.h3 Nc6 7.a4 Be6 8.Nbd2 a6 
9.c3 Qd7 10.b4 Ba7 11.Bxe6 fxe6 12.Nc4 b5 13.axb5 axb5 14.Ne3 d5 15.exd5 
Nxd5 16.Bd2 Nf4 17.Qb3 Qxd3 18.Ng4 e4 19.Bxf4 exf3 20.Qxe6+ Kh8 21.Qxc6 
fxg2 22.Qxg2 Qxc3 23.Rac1 Qxb4 24.Be5 h5 25.Ne3 Qe7 26.Qe4 Rae8 27.f4 Qe6 
28.Rf3 Rf7 29.Rg3 Kg8 30.Kh2 Ref8 31.Rc6 Qe8 32.Rh6 Rf6 33.Qh7+ Kf7 34.
Rxf6+ Ke7 35.Rxg7+ Kd8 36.Qd3+ Kc8 37.Rxc7+ Kb8 38.Rxf8 Qxf8 39.Rf7+ 1-0

[Event "City of Belfast"]
[Site "Belfast"]
[Date "2022.06.18"]
[Round "3.07"]
[White "James Douglas"]
[Black "Nikiolai Dimitrov"]
[Result "1-0"]
[WhiteElo "1400"]
[BlackElo "1463"]
[EventDate "2022.06.18"]

1.e4 e5 2.Nc3 Nf6 3.Nf3 Nc6 4.Bc4 Bc5 5.h3 a6 6.a3 b5 7.Ba2 Bb7 8.d3 Bd4 
9.Ne2 Bb6 10.O-O d5 11.Bg5 Qd6 12.Bxf6 Qxf6 13.Bxd5 Nd8 14.Bxb7 Nxb7 15.b4
O-O-O 16.a4 bxa4 17.Rxa4 Rd6 18.Qa1 Rhd8 19.Qxe5 Qh6 20.Qg5 Qe6 21.Qf5 
Qxf5 22.exf5 Rc6 23.Ra2 f6 24.Rd1 Rd5 25.Ng3 Nd6 26.Nh4 Rb5 27.Rb2 Re5 28.
c4 Ba7 29.c5 Nb5 30.Ra1 Kb7 31.Rd2 Nd4 32.Rb1 Rd5 33.Nf3 Nxf3+ 34.gxf3 a5 
35.d4 Rd8 36.Ra1 Bb8 37.bxa5 g6 38.fxg6 hxg6 39.Ne4 f5 40.Nc3 Re8 41.d5 
Rf6 42.Nb5 1-0

[Event "City of Belfast"]
[Site "Belfast"]
[Date "2022.06.18"]
[Round "3.08"]
[White "Matthew Moreland"]
[Black "Ethan Cole"]
[Result "1-0"]
[WhiteElo "1100"]
[BlackElo "1318"]
[EventDate "2022.06.18"]

1.d4 Nf6 2.c4 g6 3.Nc3 Bg7 4.e4 d6 5.Nf3 O-O 6.d5 e6 7.Bg5 h6 8.Bh4 g5 9.
Bxg5 hxg5 10.Nxg5 exd5 11.cxd5 Re8 12.Bd3 Bg4 13.f3 Bh5 14.O-O Nbd7 15.g4 
Bg6 16.e5 Bxd3 17.Qxd3 Nxe5 18.Qc2 Qd7 19.h3 Qe7 20.Rae1 Qd7 21.f4 Ng6 22.
f5 Rxe1 23.Rxe1 Ne5 24.Nce4 Nxe4 25.Qxe4 Bh6 26.h4 Re8 27.Rf1 f6 28.Ne6 
Kf7 29.g5 Rg8 30.g6+ Ke8 31.Qe2 Qh7 32.Kh1 Qd7 33.Qh5 Rh8 34.g7+ Ke7 35.
gxh8=Q Nf7 36.Qh7 Qe8 37.Q5xh6 c6 38.Re1 Kd7 39.Nc5+ dxc5 40.Rxe8 Kxe8 41.
Q6g7 Kd8 42.Qxf7 c4 1-0

[Event "City of Belfast"]
[Site "Belfast"]
[Date "2022.06.18"]
[Round "3.09"]
[White "Robert Lavery"]
[Black "Pat McKillen"]
[Result "0-1"]
[WhiteElo "1485"]
[BlackElo "1143"]
[EventDate "2022.06.18"]

1.e4 c5 2.Nc3 g6 3.f4 Nc6 4.Nf3 Bg7 5.Bc4 e6 6.a3 Nge7 7.d3 O-O 8.O-O d6 
9.Be3 a6 10.Qe1 Na5 11.Ba2 Nec6 12.Qg3 b5 13.Ng5 c4 14.f5 exf5 15.exf5 
Bxf5 16.Rxf5 gxf5 17.Nd5 Nd4 18.Bxd4 Bxd4+ 19.Kh1 Bg7 20.Rf1 Nc6 21.Rxf5 
Ne5 22.Ne4 Kh8 23.Nef6 Bxf6 24.Nxf6 Rg8 25.Nxg8 Qxg8 26.Qf4 Re8 27.Qd4 Qg4
28.Qxg4 Nxg4 29.Rf1 d5 30.h3 Nh6 31.dxc4 dxc4 32.Kg1 Re2 33.Bb1 Kg7 34.Rd1
Nf5 35.Kf1 Rxg2 36.Kxg2 Ne3+ 37.Kf3 Nxd1 38.b3 Nc3 0-1

[Event "City of Belfast"]
[Site "Belfast"]
[Date "2022.06.18"]
[Round "3.10"]
[White "Adrian Dornford Smith"]
[Black "Sooraj Soman"]
[Result "1-0"]
[WhiteElo "1257"]
[BlackElo "1105"]
[EventDate "2022.06.18"]

1.e4 e5 2.Nf3 Nc6 3.Bb5 Bc5 4.O-O Qf6 5.d3 Nge7 6.Nc3 Nd4 7.Nxd4 Bxd4 8.
Ne2 O-O 9.Nxd4 exd4 10.Bc4 d6 11.f4 Be6 12.Bxe6 fxe6 13.Rf3 Qf7 14.Bd2 c5 
15.c4 b6 16.Qe2 Rfe8 17.Raf1 a5 18.R1f2 Ra7 19.Qf1 Rd7 20.f5 e5 21.f6 Ng6 
22.fxg7 Qxg7 23.Rh3 Rf8 24.Bh6 Rxf2 25.Qxf2 Qf7 26.Rf3 Qe8 27.h4 Rf7 28.
Qg3 Kh8 29.h5 Nf4 30.Bxf4 exf4 31.Rxf4 Rxf4 32.Qxf4 Qxh5 33.Qf8# 1-0